<?xml version="1.0" encoding="UTF-8"?>
<record
    xmlns:xsi="http://www.w3.org/2001/XMLSchema-instance"
    xsi:schemaLocation="http://www.loc.gov/MARC21/slim http://www.loc.gov/standards/marcxml/schema/MARC21slim.xsd"
    xmlns="http://www.loc.gov/MARC21/slim">

  <leader>00663nam a2200205 a 4500</leader>
  <controlfield tag="001">000021568</controlfield>
  <controlfield tag="005">20200120222048.0</controlfield>
  <controlfield tag="008">020725s1992    ck d   gr     000 0 spa d</controlfield>
  <datafield tag="020" ind1=" " ind2=" ">
    <subfield code="a">9583300039</subfield>
  </datafield>
  <datafield tag="082" ind1="0" ind2="4">
    <subfield code="a">928.61</subfield>
    <subfield code="b">S15j 1992</subfield>
  </datafield>
  <datafield tag="100" ind1="0" ind2=" ">
    <subfield code="a">Santos Molano, Enrique</subfield>
  </datafield>
  <datafield tag="245" ind1="1" ind2="3">
    <subfield code="a">El coraz&#xF3;n del poeta :</subfield>
    <subfield code="b">los sucesos reveladores de la vida y la verdad inesperada de la muerte de Jos&#xE9; Asunci&#xF3;n Silva / Enrique Santos Molano.</subfield>
  </datafield>
  <datafield tag="260" ind1=" " ind2=" ">
    <subfield code="a">Bogot&#xE1; :</subfield>
    <subfield code="b">Nuevo rumbo,</subfield>
    <subfield code="c">1992.</subfield>
  </datafield>
  <datafield tag="300" ind1=" " ind2=" ">
    <subfield code="a">920p.</subfield>
  </datafield>
  <datafield tag="500" ind1=" " ind2=" ">
    <subfield code="a">Bibliograf&#xED;a p. 907-920</subfield>
  </datafield>
  <datafield tag="600" ind1=" " ind2=" ">
    <subfield code="a">SIlva, Jose Asuncion</subfield>
    <subfield code="e">1865-1896</subfield>
  </datafield>
  <datafield tag="650" ind1="1" ind2="4">
    <subfield code="a">Muerte</subfield>
  </datafield>
  <datafield tag="650" ind1="2" ind2="4">
    <subfield code="a">Cronolog&#xED;a</subfield>
  </datafield>
  <datafield tag="650" ind1="2" ind2="4">
    <subfield code="a">Poetas Colombianos</subfield>
  </datafield>
  <datafield tag="999" ind1=" " ind2=" ">
    <subfield code="c">1241</subfield>
    <subfield code="d">1241</subfield>
  </datafield>
  <datafield tag="952" ind1=" " ind2=" ">
    <subfield code="0">0</subfield>
    <subfield code="1">0</subfield>
    <subfield code="4">0</subfield>
    <subfield code="7">0</subfield>
    <subfield code="8">GEN</subfield>
    <subfield code="a">BPMOS</subfield>
    <subfield code="b">BPMOS</subfield>
    <subfield code="d">2020-01-20</subfield>
    <subfield code="l">0</subfield>
    <subfield code="o">928.61S15j 1992MOS004939</subfield>
    <subfield code="p">MOS004939</subfield>
    <subfield code="r">2020-01-20</subfield>
    <subfield code="t">ej.1</subfield>
    <subfield code="w">2020-01-20</subfield>
    <subfield code="y">BK</subfield>
    <subfield code="z">Ocho d&#xED;as</subfield>
  </datafield>
</record>
